000 006340000a22001930004500
090 _aAR
_b03300
245 1 0 _aFauna zonation and assemblages in the pacific colombian mangroves
650 1 4 _aEcosistemas costeros
_994197
650 1 4 _aManglares
_993259
650 1 4 _aFauna asociada
_996911
650 1 4 _aFisiografía
_98343
651 4 _lBahía de Buenaventura, Bahía de Malaga
_dValle del Cauca
_pColombia
_992749
041 0 _aInglés
700 1 _aThomassin, Bernard A.
_996912
700 1 _aArnaud, Patrick M.
_996913
100 1 _aCantera K., Jaime
_996914
942 _cARTICULO
773 1 _tHydrobiologia
_3893
_q17-33
_d1999
_g413
999 _c12351
_d12351